Score 0/39 Timer 04:00
0 Plays Today
Clue 3-Letter Word % Correct
Decorative scarfBOA
94.2%
Hamster, dog, rabbit, etc.PET
92.6%
Writing implementPEN
92.4%
Not nearFAR
92%
The uppermost partTOP
91.6%
Cricket's need?BAT
90.7%
Young manBOY
90.3%
Square root of 144, minus twoTEN
90.3%
Drag and pullTOW
89.9%
English Breakfast, perhapsTEA
89.5%
Lion's lairDEN
89.5%
Butter servingPAT
89%
*A tree that bears acorns*OAK
88.8%
Row boat propellorOAR
86.1%
Condensed water dropsDEW
84.4%
Silvery-white metalTIN
84.1%
*A tree related to the laurel*BAY
80.6%
Sweet potatoYAM
80.6%
Basketball shot: Alley ___OOP
80%
Cleopatra's killerASP
79.6%
Clue 3-Letter Word % Correct
Ox relativeYAK
79.6%
Moose cousinELK
74.4%
Scream accompanying a mouseEEK
73.7%
Unit of currentAMP
71.2%
*Evergreen tree, closely related to Cedar*FIR
67.7%
Quantity (abbr.)AMT
66.7%
Inclined to do somethingAPT
63.5%
Select or pickOPT
61.9%
*An evergreen tree, usually Pacific or English*YEW
60.4%
*A tree that bears a samara fruit*ELM
59.8%
Hurried flight from the lawLAM
59.1%
Realm of Irish Legends: ___ na nogTÍR
59%
*A tree in the olive family*ASH
58.9%
Interjection of painYOW
58.5%
Naughty by Nature songOPP
55.3%
The currency of AlbaniaLEK
39%
Sci-Fi writer StanisławLEM
38.6%
New Zealand parrotKEA
27.2%
*A Hawaiian timber tree*KOA
26.6%

Today's Daily Dose

Missing Word
I Hardly Know Her!

Word Ladder
Sentence Ending

Quick Pick
Female Firsts

Get the Picture
Triathlon Sports

Remove Ads.
Support Sporcle.
Get the best of Sporcle when you Go Orange. This ad-free experience offers more features, more stats, and more fun while also helping to support Sporcle. Thank you for becoming a member.

You're not logged in!

Compare scores with friends on all Sporcle quizzes.
OR
Log In

Show Comments

Extras

Top Quizzes Today


Score Distribution

Your Account Isn't Verified!

In order to create a playlist on Sporcle, you need to verify the email address you used during registration. Go to your Sporcle Settings to finish the process.

Report this User

Report this user for behavior that violates our Community Guidelines.

Details: